000 004740000a22001570004500
041 0 _aENG
082 0 4 _aG 268.7 C6762c
245 1 0 _aChrist and the colleges : A history of the Inter-Varsity fellowship of evangelical unions / F. D. Coggan, Editor
260 _aLondon, W.C. ., USA : InterVarsity
300 _axii, 227 Pag
001 8060
942 _cBK
999 _c38257
_d38257
336 _atexto
_btxt
_2rdacontent
337 _2rdamedia
_asin mediación
_bn
338 _2rdacarrier
_avolumen
_bnc